Bilecik Bilecik Bilecik Bilecik Bilecik

Ekonomik ve politik istikrarın sağlanmasında Başkanlık Sisteminin rolü/ (Record no. 67535)

MARC details
000 -BAŞLIK
Sabit Uzunluktaki Kontrol Alanı 01492nam a22004217a 4500
001 - KONTROL NUMARASI
Control Dosyası T0000735
003 - KONTROL NUMARASI KİMLİĞİ
Kontrol Alanı KOHA_MİRAKIL
005 - EN SON İŞLEM TARİHİ ve ZAMANI
Kontrol Alanı 20260207004705.0
007 - FİZİKSEL TANIM SABİT ALAN - GENEL BİLGİ
Sabit uzunluklu kontrol alanı ta
008 - SABİT UZUNLUKTAKİ VERİ ÖGELERİ - GENEL BİLGİ
Sabit Alan 220404b2022 tu |||grm|||#0|||0|tur |
020 ## - ISBN - ULUSLARARASI STANDART KİTAP NUMARASI
Isbn
040 ## - KATALOGLAMA KAYNAĞI
Özgün Kataloglama Kurumu TR-BiSEU
Kataloglama Dili tur
Çeviri Kurumu TR-BiSEU
Açıklama Kuralları rda
041 0# - DİL KODU
Metin ya da ses kaydının dil kodu tur
044 ## - YAYINLAYAN/ÜRETEN KURULUŞUN ÜLKE KODU
ISO country code tu
050 00 - SINIFLAMA ve YER NUMARASI
Sınıflama Numarası Tez
Yer Numarası 735
100 1# - KİŞİ ADI
Yazar Adı (Kişi adı) Yürükcü, Fatih.
245 1# - ESER ADI BİLDİRİMİ
Başlık Ekonomik ve politik istikrarın sağlanmasında Başkanlık Sisteminin rolü/
Sorumluluk Bildirimi Fatih Yürükcü ; Fatih Yürükcü; danışman Ceyhun Haydaroğlu.
264 #1 - ÜRERİM, YAYIN, DAĞITIM ve TELİF BİLDİRİMİ
Yayın yeri Bilecik :
Yayınlayan Bilecik Şeyh Edebali Üniversitesi
Yayın tarihi 2022
300 ## - FİZİKSEL TANIMLAMA
Sayfa, Cilt vb. VII, 91 sayfa; 30 cm. +
Birlikteki Materyal 1 CD-ROM
336 ## - İÇERİK TÜRÜ
Content type term metin
Content type code txt
Source rdacontent
337 ## - MEDYA TÜRÜ
Media type term aracısız
Media type code n
Source rdamedia
338 ## - TAŞIYICI TÜRÜ
Carrier type term cilt
Carrier type code nc
Source rdacarrier
490 0# - DİZİ BİLDİRİMİ
Dizi Bildirimi Ref.
490 0# - DİZİ BİLDİRİMİ
Dizi Bildirimi no: 10300065
500 ## - GENEL NOT
Genel Not Kaynakça var.
500 ## - GENEL NOT
Genel Not İngilizce eser adı: The role of the Presidential System to provide economical and political stability.
502 ## - TEZ NOTU
Tez Notu Tez (Yüksek Lisans) -- Bilecik Şeyh Edebali Üniversitesi Sosyal Bilimler Enstitüsü İktisat Anabilim Dalı, Bilecik, .
650 #0 - KONU BAŞLIĞI EK GİRİŞ - KONU TERİMİ
Konusal terim veya coğrafi ad Ekonomik istikrar.
9 (RLIN) 8273
650 #0 - KONU BAŞLIĞI EK GİRİŞ - KONU TERİMİ
Konusal terim veya coğrafi ad Politik istikrar.
9 (RLIN) 127491
650 #0 - KONU BAŞLIĞI EK GİRİŞ - KONU TERİMİ
Konusal terim veya coğrafi ad Başkanlık sistemi.
9 (RLIN) 100072
650 #0 - KONU BAŞLIĞI EK GİRİŞ - KONU TERİMİ
Konusal terim veya coğrafi ad Economic stability.
9 (RLIN) 127492
650 #0 - KONU BAŞLIĞI EK GİRİŞ - KONU TERİMİ
Konusal terim veya coğrafi ad Political stability.
9 (RLIN) 127493
650 #0 - KONU BAŞLIĞI EK GİRİŞ - KONU TERİMİ
Konusal terim veya coğrafi ad Presidential system.
9 (RLIN) 54193
830 0# - SERİ EK GİRİŞİ - TEKBİÇİM ESER ADI
Tekbiçim Başlık Ref.
9 (RLIN) 123605
830 0# - SERİ EK GİRİŞİ - TEKBİÇİM ESER ADI
Tekbiçim Başlık no: 10300065
9 (RLIN) 127494
907 ## - LOCAL DATA ELEMENT G, LDG (RLIN)
a Yüksek Lisans
942 ## - EK GİRİŞ ÖGELERİ (KOHA)
Source of classification or shelving scheme Library of Congress Classification
Koha item type Thesis
Holdings
Materyal Türü Kalıcı Konum Mevcut Konum Raf Yeri Sınıflandırma Kaynağı Edinim Bilgisi Yer Numarası Demirbaş Numarası Fatura Tarihi Geri Çekilme Durumu Kayıp Durumu Hasarlı Durumu Kredi için değil Kayıt Tarih Toplam Ödünçverme Son Görülme Tarihi Son Kontrol Tarihi
Thesis Prof. Dr. Azmi Özcan Kütüphanesi Prof. Dr. Azmi Özcan Kütüphanesi Depo Library of Congress Classification Bağış Tez/735 T0000735 02/02/2026         04/04/2022   05/03/2025 05/03/2025